Niziny w Polsce - Statystyki

Ogólne statystyki
  • Ten quiz został rozwiązany 266 razy
  • Średni wynik to 4 z 8
Statystyki odpowiedzi
Niziny w Polsce % Poprawnych
Nizina Mazowiecka
87%
Nizina Śląska
82%
Nizina Wielkopolska
73%
Nizina Podlaska
65%
Nizina Szczecińska
23%
Polesie Lubelskie
18%
Żuławy Wiślane
10%
Pobrzeże Słowińskie
3%
Nie znaleziono quizów pasujących do podanych kryteriów
Rozkład punktacji
Procent ludzi z każdym wynikiem
Percentyl według liczby udzielonych odpowiedzi
Twoja historia wyników
Nie rozwiązałeś tego quizu